000 01169cam a22003617a 4500
003 CHAP
005 20220817041031.0
008 971013s1991 r 00010 d
010 _a5010
011 _a5982
035 _a5198
040 _cCHAP
082 _a641
_bF3Y 1991 v.14/6
110 _aFAO
245 0 _aManual de control de la calidad de los alimentos
_b: alimentos para la exportación
_cby FAO
250 _aEd. rev.
260 _aRoma :
_bFAO,
_c1991
300 _ac.a 148 p.
490 0 _aFAO. Alimentación y nutrición
_v; 14/6 rev.1
590 _aBATCH-UPD
_b10
_c20130110
_lUCH01
_h0231
590 _aBATCH-UPD
_b10
_c20130110
_lUCH01
_h1322
590 _aBATCH-UPD
_b10
_c20130409
_lUCH01
_h2254
590 _aBATCH-UPD
_b10
_c20130914
_lUCH01
_h0118
590 _aCONVERSION
_b10
_c20130109
_lUCH01
_h1304
650 1 4 _aAlimentos
_xCalidad.
650 1 4 _aAlimentos
_xExportación.
_94222
650 1 4 _aAlimentos
_xInspección.
_94239
700 0 _aHammer, W. C. K.
_952457
830 0 _aFAO. Alimentación y nutrición
_v; 14/6 rev.1
_939449
901 _aBK
942 _cLIBRO
949 _a641 F3Y 1991 v.14/6
_bBC
_cFAO
_d-14766
_eFAO1
_h81766
_i5198
_si
999 _c5010
_d5010